| 000 | 00712nam a2200241 a 4500 | ||
|---|---|---|---|
| 005 | 20240925065406.0 | ||
| 008 | 991125s1980 mx 000 0 spa u | ||
| 020 | _a968419157X | ||
| 035 | _aUPN01000024493 | ||
| 049 | _aCG | ||
| 050 | 4 |
_aB832 _bS3.3 1980 |
|
| 100 | 1 |
_aSánchez Vázquez, Adolfo, _d1915-2011 _929945 |
|
| 245 | 1 | 0 |
_aFilosofía de la praxis / _cAdolfo Sánchez Vázquez. |
| 250 | _a2a ed. | ||
| 260 |
_aMéxico : _bGrijalbo, _c1980. |
||
| 300 | _a464 p. | ||
| 440 | 0 |
_aTeoría y praxis ; _v55 |
|
| 590 | _a(También localizas un ejemplar en el "Area de Reserva") | ||
| 590 | _aBibliografía Básica (BGTQ) | ||
| 650 | 4 |
_aPragmatismo _98109 |
|
| 650 | 4 |
_aSocialismo _97360 |
|
| 905 | _aLibro | ||
| 999 |
_c24493 _d24493 |
||